000 00661nam a2200229 a 4500
001 BRL_691
005 20190320210844.0
008 250913s1960----gw-#######---#000-0#ger-#
041 _ager
044 _agw
050 4 _aPQ2643.A13
_b.V35 1960
100 1 _aVailland, Roger
_924662
245 1 0 _aHart auf Hart
_bRoman
_cRoger Vailland : Aus dem Französischen übertragen von Richard Moering.
260 _aHamburg
_bFischer Bücherei
_c1960
300 _a221 p.
_c18 cm.
440 0 _aFischer Bücherei
_v337
_924663
500 _aAu784
650 1 4 _aLiteratura francesa
_924664
700 1 _aMoering, Richard
_etr.
_924665
902 _aGRL
942 _2lcc
_cB
999 _c9503
_d9503